名字与河流相关的县区 特点篇 Counties with rivers in their names - Statistics

General Stats
  • This quiz has been taken 70 times
  • The average score is 30 of 48
Answer Stats
地级行政区 县区 % Correct
上海市 黄浦区
95%
上海市 浦东新区
93%
上海市 杨浦区
93%
上海市 青浦区
85%
苏州市 张家港市
85%
南京市 浦口区
84%
日照市 东港区
84%
丹东市 东港市
84%
广州市 荔湾区
82%
天津市 津南区
78%
成都市 新津区
75%
重庆市 江津区
73%
温州市 龙湾区
71%
葫芦岛市 龙港区
69%
温州市 龙港市
69%
珠海市 金湾区
69%
北海市 合浦县
65%
淮安市 清江浦区
65%
秦皇岛市 海港区
64%
漳州市 漳浦县
62%
金华市 浦江县
60%
防城港市 港口区
60%
宁德市 霞浦县
58%
泉州市 泉港区
58%
乐山市 沙湾区
56%
塔城地区 沙湾市
56%
东营市 利津县
56%
黄石市 黄石港区
55%
芜湖市 湾沚区
55%
桂林市 荔浦市
53%
泰州市 高港区
53%
乌海市 海勃湾区
53%
运城市 河津市
53%
南平市 浦城县
51%
常德市 津市市
51%
洛阳市 孟津区
49%
钦州市 浦北县
47%
贵港市 港北区
47%
贵港市 港南区
47%
阿勒泰地区 布尔津县
47%
怀化市 溆浦县
45%
北海市 铁山港区
45%
十堰市 张湾区
45%
昭通市 盐津县
45%
德州市 夏津县
42%
新乡市 延津县
42%
和田地区 洛浦县
40%
德州市 宁津县
40%
No matching quizzes found
Score Distribution
Percent of People with Each Score
Percentile by Number Answered
Your Score History
You have not taken this quiz